Avion de chasse - Statistiques

Statistiques générales
  • Ce quiz a été pris 887 fois
    203 depuis la dernière actualisation
  • Le résultat moyen est 11 sur 16
Statistiques - réponses
Par images Réponse % Correct
Lockheed Martin F-22 Raptor
91%
Dassault Rafale
89%
Lockheed Martin F-35 Lightning II
89%
General Dynamics F-16 Fighting Falcon
83%
Eurofighter Typhoon
82%
McDonnell Douglas F/A-18 Hornet
82%
Dassault Mirage 2000
80%
McDonnell Douglas F-15 Eagle
72%
Dassault Breguet / Dornier Alpha Jet
63%
Soukhoï Su-27 Flanker
57%
Panavia Tornado
56%
Mikoyan-Gourevitch MiG-29
51%
Saab JAS 39 Gripen
49%
Mikoyan-Gourevitch MiG-15
47%
Northrop F-5 Freedom Fighter
46%
Aero L-39 Albatros
28%
Aucun quiz correspondant
Distribution des résultats
% des personnes avec chaque résultat
Percentile par nombre de réponses
Votre historique - résultats
Vous n’avez pas pris ce quiz depuis la dernière actualisation